[Event "Aragon-chT Preferente Gr II"]
[Site "Aragon"]
[Date "2022.02.26"]
[Round "5.54"]
[White "Bello Cera, Raul"]
[Black "Lopez Lozano, David"]
[Result "0-1"]
[WhiteElo "1641"]
[BlackElo "1745"]
[PlyCount "76"]
[EventDate "2022.01.29"]
[EventType "team-tourn"]
[EventRounds "9"]
[EventCountry "ESP"]
[SourceTitle "EXT 2024"]
[Source "ChessBase"]
[SourceDate "2023.10.10"]
[SourceVersion "1"]
[SourceVersionDate "2023.10.10"]
[SourceQuality "1"]
[WhiteTeam "Casablanca MyInvestor III"]
[BlackTeam "Marcos Frechin II"]
[WhiteTeamCountry "ESP"]
[BlackTeamCountry "ESP"]

1. e4 c5 2. Nf3 Nc6 3. d4 cxd4 4. Nxd4 d6 5. Nc3 Nf6 6. Bc4 e6 7. f3 a6 8. Be3 Qc7 9. Bb3 Bd7 10. Qd2 Be7 11. 0-0-0 Na5 12. h4 Nxb3+ 13. Nxb3 b5 14. g4 a5 15. Nd4 Rb8 16. h5 h6 17. g5 hxg5 18. Bxg5 b4 19. Nce2 a4 20. h6 g6 21. Ng3 Rb6 22. f4 b3 23. a3 e5 24. Nde2 bxc2 25. Qxc2 Rc6 26. Nc3 Be6 27. Rdf1 Ng4 28. Qd2 Bxg5 29. fxg5 0-0 30. Kb1 Rb8 31. Nd5 Qb7 32. Rc1 Rxc1+ 33. Kxc1 Qb3 34. Qc3 Kh7 35. Rd1 Rc8 36. Nc7 Qxc3+ 37. bxc3 Rxc7 38. Ne2 Rc6 0-1